| 000 | 00844nam a2200253Ia 4500 | ||
|---|---|---|---|
| 003 | OSt | ||
| 005 | 20220928125244.0 | ||
| 006 | a|||||r|||| 00| 0 | ||
| 007 | ta | ||
| 008 | 220927b |||||||| |||| 00| 0 eng d | ||
| 020 |
_a9783030541071 _cEURO 159.99 |
||
| 024 | _a146265 | ||
| 037 |
_b095, 30/12/2021, Classic Book Service _cTextual |
||
| 040 |
_aSDCL _cSDCL _beng |
||
| 041 |
_2eng _aeng |
||
| 082 | _aX:(B28)g, R1 | ||
| 100 |
_aMercangoz Burcu Adiguzel Ed. _9469021 |
||
| 245 | 0 | _aHandbook of research on emerging theories, models, and applications of financial econometrics | |
| 260 |
_aSwitzerland _bSpringer _c2021 |
||
| 300 |
_axvii,456p. _ccm. |
||
| 650 | _aReference | ||
| 942 |
_hX:(B28)g, R1 _cTEXL _2CC |
||
| 999 |
_c781715 _d781715 |
||